Southville International School and Colleges
Your cart is empty.
  • Cart
  • Lists
    Public lists Eva Luna New books Lux_list list_1
    Your lists Log in to create your own lists
  • Log in to your account
  • Your cookies
  • Search history
Southville International School and Colleges
  • Advanced search
  • Recent comments
  • Most popular
  • Libraries

Log in to your account

Log in with GOOGLE


If you do not have an external account, but do have a local account, you can still log in:

  1. Home
  2. MARC view: Great peacemakers:
Normal view MARC view ISBD view

Great peacemakers: (Record no. 294990)

[ view plain ]
MARC details
000 -LEADER
fixed length control field 00958nam a22002177a 4500
003 - CONTROL NUMBER IDENTIFIER
control field SISC
005 - DATE AND TIME OF LATEST TRANSACTION
control field 20160601150945.0
008 - FIXED-LENGTH DATA ELEMENTS--GENERAL INFORMATION
fixed length control field 160525b xxu||||| |||| 00| 0 eng d
020 ## - INTERNATIONAL STANDARD BOOK NUMBER
International Standard Book Number 9780980138207
050 ## - LIBRARY OF CONGRESS CALL NUMBER
Classification number JX 1962. A2
Item number B442 2008
100 ## - MAIN ENTRY--PERSONAL NAME
Personal name Beller, Ken
245 ## - TITLE STATEMENT
Title Great peacemakers:
Remainder of title true stories from around the world /
260 ## - PUBLICATION, DISTRIBUTION, ETC. (IMPRINT)
Place of publication, distribution, etc Sedona, Ariz. :
Name of publisher, distributor, etc LTS Press,
Date of publication, distribution, etc c2008
300 ## - PHYSICAL DESCRIPTION
Extent xii, 195 p. :
Other physical details ill.,
Dimensions 24 cm.
520 ## - SUMMARY, ETC.
Summary, etc Profiles twenty people who have promoted peace in their lives from a Vietnamese monk to a Brazilian musician. Explores five approaches to peacemaking: choosing nonviolence, living peace, honoring diversity, valuing all life, and caring for the planet.
650 ## - SUBJECT ADDED ENTRY--TOPICAL TERM
Topical term or geographic name as entry element Pacifists--Biography--Juvenile literature
650 ## - SUBJECT ADDED ENTRY--TOPICAL TERM
Topical term or geographic name as entry element Civil rights of workers--Biography--Juvenile literature
650 ## - SUBJECT ADDED ENTRY--TOPICAL TERM
Topical term or geographic name as entry element Animal rights activists--Biography--Juvenile literature
700 ## - ADDED ENTRY--PERSONAL NAME
Personal name Chase, Heather
942 ## - ADDED ENTRY ELEMENTS (KOHA)
Source of classification or shelving scheme Library of Congress Classification
Koha item type Books
Holdings
Withdrawn status Lost status Source of classification or shelving scheme Damaged status Home library Current library Shelving location Date acquired Source of acquisition Total Checkouts Full call number Barcode Date last seen Price effective from Koha item type
    Library of Congress Classification   Luxembourg Library Luxembourg Library Reference Section 05/25/2016 Library Fund   JX 1962. A2 B442 2008 20167 05/25/2016 05/25/2016 Books

Great peacemakers:

APA

Beller K., Chase H., . (2008). Great peacemakers. Sedona, Ariz: LTS Press.

Chicago

Beller Ken, Chase Heather, . 2008. Great peacemakers. Sedona, Ariz: LTS Press.

Harvard

Beller K., Chase H., . (2008). Great peacemakers. Sedona, Ariz: LTS Press.

MLA

Beller Ken, Chase Heather, . Great peacemakers. Sedona, Ariz: LTS Press. 2008.

  • Place hold
  • Print
  • Cite
  • Add to your cart (remove)
  • Save record
    BIBTEX Dublin Core MARCXML MARC (non-Unicode/MARC-8) MARC (Unicode/UTF-8) MARC (Unicode/UTF-8, Standard) MODS (XML) RIS
  • More searches
    Search for this title in:
    Other Libraries (WorldCat) Other Databases (Google Scholar) Online Stores (Bookfinder.com) Open Library (openlibrary.org)

Exporting to Dublin Core...

SOUTHVILLE LIBRARY

Southville International School and Colleges Library

1281 Tropical Ave. Cor. Luxembourg St., BF Homes International, Las Pinas City

Tel. No. 8256374 / 252358 Loc. 117/146

Powered by Koha